| 000 | 00801cab a2200229 4500 | ||
|---|---|---|---|
| 001 | WB3122-33 | ||
| 008 | 090401t1995 xxu||||| |||| 00| 0 eng d | ||
| 035 | _a(Sirsi) u69525 | ||
| 041 | _aeng | ||
| 245 | _aGuide on coastal strategy | ||
| 260 | _c1995 | ||
| 350 | _a0 | ||
| 490 |
_aNew Civil Engineer _v(1130) 1 June 1995, 6(1) |
||
| 520 | _aA MAFF framework for the development of sea defence strategy within 11 `sediment cells` round the coast encourages the formation of coastal defence groups across local authority boundaries. "Shoreline management plans. A guide for operating authorities". | ||
| 650 | _aCOASTAL DEFENCES | ||
| 650 | _aCOASTAL PLANNING | ||
| 650 | _aLOCAL AUTHORITIES | ||
| 650 | _aSEA DEFENCES | ||
| 690 | _aMARINE RESOURCES | ||
| 942 | _n0 | ||
| 948 | _c04/03/1997 | ||
| 999 |
_c43670 _d43670 |
||